Dialóg predstaviteľov verejného a súkromného sektora o spolupráci v cestovnom ruchu zborník príspevkov : Bratislava, 3. mája 2007

Gespeichert in:
Bibliographische Detailangaben
Körperschaften: Dialóg predstaviteľov verejného a súkromného sektora o spolupráci v cestovnom ruchu. Medzinárodná konferencia, Obchodná fakulta EU. Katedra služieb a cestovného ruchu - zrušené, University of Rijeka. Faculty of tourism and hospitality management, Združenie miest a obcí Slovenska, Nadácia Inštitút transnárodného vzdelávania a výskumu
Weitere Verfasser: Veszprémi Sirotková, Anna, 1966-
Format: Buch
Sprache:Slowakisch
Englisch
Veröffentlicht: Bratislava Vydavateľstvo EKONÓM 2007
Schlagworte:
Tags: Tag hinzufügen
Keine Tags, Fügen Sie das erste Tag hinzu!

MARC

LEADER 00000nam$a2200000$$$4500
001 0068984
005 20240502071832.0
020 |a 978-80-225-2369-1 
041 0 |a slo 
041 0 |a eng 
044 |a SK 
245 1 0 |a Dialóg predstaviteľov verejného a súkromného sektora o spolupráci v cestovnom ruchu  |b zborník príspevkov : Bratislava, 3. mája 2007  |c editor: Anna Sirotková 
264 1 |a Bratislava  |b Vydavateľstvo EKONÓM  |c 2007 
300 |a CD-ROM 
610 2 0 |a ruch cestovný 
610 2 0 |a sektor verejný 
610 2 0 |a sektor súkromný 
700 1 |a Veszprémi Sirotková, Anna, 1966- 
110 2 |a Dialóg predstaviteľov verejného a súkromného sektora o spolupráci v cestovnom ruchu. Medzinárodná konferencia 
710 2 |a Obchodná fakulta EU. Katedra služieb a cestovného ruchu - zrušené 
710 2 |a University of Rijeka. Faculty of tourism and hospitality management 
710 2 |a Združenie miest a obcí Slovenska 
710 2 |a Nadácia Inštitút transnárodného vzdelávania a výskumu